[Event "Pavlovo"]
[Site "Pavlovo"]
[Date "2011.03.19"]
[Round "3"]
[White "Kosenkov, Evgeniy"]
[Black "Khoshev, Sergey"]
[Result "0-1"]
[WhiteElo "2076"]
[BlackElo "2182"]
[PlyCount "72"]
[EventDate "2011.03.17"]
[EventType "tourn"]
[EventRounds "11"]
[EventCountry "RUS"]
[SourceTitle "EXT 2013"]
[Source "ChessBase"]
[SourceDate "2012.11.22"]
[SourceVersion "1"]
[SourceVersionDate "2012.11.22"]
[SourceQuality "1"]

1. d4 d5 2. c4 dxc4 3. e3 e5 4. Bxc4 exd4 5. exd4 Nf6 6. Nf3 Be7 7. 0-0 0-0 8. Ne5 Nbd7 9. Nc3 Nb6 10. Bb3 c6 11. Bg5 Nbd5 12. Re1 Be6 13. Qf3 Nc7 14. Bc2 Qxd4 15. Ne4 Ncd5 16. Rad1 Qxb2 17. Re2 Qb6 18. Qd3 g6 19. Qf3 Nxe4 20. Bxe7 Nxe7 21. Bxe4 Rad8 22. Rde1 Nf5 23. Bxf5 Bxf5 24. g4 Be6 25. h4 Rd4 26. h5 Qd8 27. hxg6 hxg6 28. Qg3 Qf6 29. f3 Rfd8 30. g5 Qf5 31. Rh2 Kg7 32. Rg2 Rd1 33. Rxd1 Rxd1+ 34. Kh2 Qb1 35. Qf4 Rh1+ 36. Kg3 Qe1+ 0-1

[Event "Nizhnij Novgorod Dubinin Memorial 16th"]
[Site "Nizhnij Novgorod"]
[Date "2009.01.07"]
[Round "5"]
[White "Khoshev, Sergey"]
[Black "Gorishniy, Yuri"]
[Result "1-0"]
[WhiteElo "2164"]
[BlackElo "2085"]
[PlyCount "35"]
[EventDate "2009.01.03"]
[EventType "swiss"]
[EventRounds "9"]
[EventCountry "RUS"]
[SourceTitle "EXT 2010"]
[Source "ChessBase"]
[SourceDate "2010.11.25"]
[SourceVersion "1"]
[SourceVersionDate "2010.11.25"]
[SourceQuality "1"]

1. d4 Nf6 2. Nf3 g6 3. c4 Bg7 4. Nc3 0-0 5. e4 d6 6. Be2 e5 7. 0-0 Nc6 8. d5 Ne7 9. Ne1 Nd7 10. Nd3 f5 11. Bd2 Nf6 12. f3 f4 13. c5 g5 14. Rc1 Ng6 15. cxd6 cxd6 16. Nb5 Rf7 17. Qc2 h5 18. Nc7 1-0

[Event "Kstovo op"]
[Site "Kstovo"]
[Date "2008.09.14"]
[Round "9"]
[White "Zanozin, Anatoly"]
[Black "Khoshev, Sergey"]
[Result "0-1"]
[WhiteElo "2132"]
[BlackElo "2157"]
[PlyCount "72"]
[EventDate "2008.09.06"]
[EventType "swiss"]
[EventRounds "9"]
[EventCountry "RUS"]
[SourceTitle "CBM 126 Extra"]
[Source "ChessBase"]
[SourceDate "2008.11.05"]
[SourceVersion "1"]
[SourceVersionDate "2008.11.05"]
[SourceQuality "1"]

1. e4 c5 2. Nf3 e6 3. d4 cxd4 4. Nxd4 Nf6 5. Nc3 d6 6. Be3 Be7 7. f3 Nc6 8. Qd2 a6 9. 0-0-0 0-0 10. g4 Nxd4 11. Qxd4 b5 12. e5 dxe5 13. Qxe5 Nd7 14. Qe4 Rb8 15. Bd3 Nf6 16. Qf4 Bd7 17. g5 Nh5 18. Qg4 g6 19. Ne4 e5 20. Qg2 Qa5 21. Kb1 Be6 22. b3 Qc7 23. Ng3 Nf4 24. Bxf4 exf4 25. Ne4 a5 26. h4 a4 27. h5 Ra8 28. hxg6 fxg6 29. Rh2 Bf5 30. Nf6+ Rxf6 31. Qd2 Qe5 32. c3 Rd8 33. Qc2 Rxd3 34. Rxd3 Qe1+ 35. Kb2 b4 36. Re2 a3# 0-1

[Event "Kstovo op"]
[Site "Kstovo"]
[Date "2008.09.13"]
[Round "8"]
[White "Khoshev, Sergey"]
[Black "Svetlov, Dmitry"]
[Result "0-1"]
[WhiteElo "2157"]
[BlackElo "2306"]
[PlyCount "88"]
[EventDate "2008.09.06"]
[EventType "swiss"]
[EventRounds "9"]
[EventCountry "RUS"]
[SourceTitle "CBM 126 Extra"]
[Source "ChessBase"]
[SourceDate "2008.11.05"]
[SourceVersion "1"]
[SourceVersionDate "2008.11.05"]
[SourceQuality "1"]

1. d4 Nf6 2. c4 g6 3. Nc3 d5 4. cxd5 Nxd5 5. e4 Nxc3 6. bxc3 Bg7 7. Nf3 c5 8. Be2 Nc6 9. Be3 Bg4 10. e5 cxd4 11. cxd4 0-0 12. 0-0 Rc8 13. Qd2 Qa5 14. Qb2 b6 15. a3 Qd5 16. h3 Be6 17. Rac1 Na5 18. Nd2 Qb7 19. Rxc8 Rxc8 20. Rc1 Bd5 21. Bf1 e6 22. Rc3 Bf8 23. Qc1 Rxc3 24. Qxc3 Qc6 25. Qb2 Qa4 26. Nb1 Bc4 27. Qc1 Bxf1 28. Qxf1 Nc4 29. Qc1 Qb3 30. Nd2 Nxd2 31. Bxd2 Qxa3 32. Qc4 a5 33. Bf4 Qb4 34. Qc8 Qxd4 35. Bh6 Qb4 36. Qb8 a4 37. Bxf8 Qxf8 38. Qxb6 Qa8 39. Qb2 a3 40. Qa2 Qa5 41. g3 Kg7 42. Kh2 Qc3 43. Qe2 h5 44. Kg2 Qb2 0-1

[Event "Nizhnij Novgorod Region-ch"]
[Site "Nizhnij Novgorod"]
[Date "2007.10.??"]
[Round "?"]
[White "Khoshev, Sergey"]
[Black "Sundukov, Peter"]
[Result "1/2-1/2"]
[WhiteElo "2121"]
[BlackElo "2182"]
[PlyCount "23"]
[EventDate "2007.10.??"]
[EventType "swiss"]
[EventRounds "9"]
[EventCountry "RUS"]
[SourceTitle "EXT 2009"]
[Source "ChessBase"]
[SourceDate "2008.11.26"]
[SourceVersion "1"]
[SourceVersionDate "2008.11.26"]
[SourceQuality "1"]

1. d4 Nf6 2. Nf3 e6 3. c4 b6 4. g3 Bb7 5. Bg2 Be7 6. Nc3 0-0 7. 0-0 d5 8. Ne5 c6 9. e4 dxc4 10. Nxc4 Ba6 11. b3 Nbd7 12. Bf4 1/2-1/2

[Event "Nizhnij Novgorod Region-ch"]
[Site "Nizhnij Novgorod"]
[Date "2007.10.??"]
[Round "?"]
[White "Khoshev, Sergey"]
[Black "Zakharov, Aleksej"]
[Result "0-1"]
[WhiteElo "2121"]
[BlackElo "2304"]
[PlyCount "88"]
[EventDate "2007.10.??"]
[EventType "swiss"]
[EventRounds "9"]
[EventCountry "RUS"]
[SourceTitle "EXT 2009"]
[Source "ChessBase"]
[SourceDate "2008.11.26"]
[SourceVersion "1"]
[SourceVersionDate "2008.11.26"]
[SourceQuality "1"]

1. Nf3 Nf6 2. d4 g6 3. g3 Bg7 4. Bg2 0-0 5. 0-0 d6 6. c4 Nbd7 7. Nc3 e5 8. e4 c6 9. h3 exd4 10. Nxd4 Nc5 11. Re1 a5 12. Be3 a4 13. Qc2 Qa5 14. Rad1 Nfd7 15. f4 Qb4 16. a3 Qa5 17. Kh2 Re8 18. Bf2 Nb6 19. Bf1 Bd7 20. Nf3 Be6 21. Nb1 f5 22. Ng5 Nxe4 23. Nxe4 fxe4 24. Rxd6 Bf5 25. Qc1 h5 26. Nc3 Nc8 27. Rdd1 Qc7 28. c5 Kh7 29. Bc4 b5 30. Bf1 Bxc3 31. Qxc3 Ne7 32. Bd4 Nd5 33. Qc1 h4 34. Be3 hxg3+ 35. Kxg3 Rad8 36. Be2 Qg7 37. Bg4 Qc7 38. Bd4 e3 39. Bxe3 Rxe3+ 40. Qxe3 Nxe3 41. Rxd8 Qxd8 42. Rxe3 Bxg4 43. Kxg4 Qd4 44. Re7+ Kg8 0-1

[Event "Nizhnij Novgorod Region-ch"]
[Site "Nizhnij Novgorod"]
[Date "2007.10.??"]
[Round "?"]
[White "Krashenov, Valery"]
[Black "Khoshev, Sergey"]
[Result "0-1"]
[WhiteElo "1970"]
[BlackElo "2121"]
[PlyCount "114"]
[EventDate "2007.10.??"]
[EventType "swiss"]
[EventRounds "9"]
[EventCountry "RUS"]
[SourceTitle "EXT 2009"]
[Source "ChessBase"]
[SourceDate "2008.11.26"]
[SourceVersion "1"]
[SourceVersionDate "2008.11.26"]
[SourceQuality "1"]

1. d4 d5 2. c4 e6 3. Nc3 Nf6 4. Bg5 Be7 5. e3 0-0 6. Nf3 Nbd7 7. Bd3 dxc4 8. Bxc4 a6 9. a4 c5 10. 0-0 cxd4 11. Nxd4 Ne5 12. Ba2 Ng6 13. Qe2 Qa5 14. Bxf6 Bxf6 15. Rfd1 Qe5 16. Rd2 Bd7 17. Rad1 Qa5 18. Bb1 Bxa4 19. Nxa4 Qxa4 20. g3 Rfd8 21. h4 Ne5 22. h5 Nc6 23. Qd3 g6 24. b3 Qa3 25. Qc2 Nxd4 26. exd4 Rac8 27. Qd3 Rxd4 28. Qf3 Rxd2 29. Rxd2 Qe7 30. Be4 b5 31. Bc6 Rc7 32. Kg2 Bg5 33. Rd3 Qc5 34. Be8 Qe7 35. Qa8 Kg7 36. hxg6 hxg6 37. g4 b4 38. Bc6 Qc5 39. Be4 Bh4 40. Rf3 Qg5 41. Kh3 Rc3 42. Qxa6 Bxf2 43. Qe2 Bd4 44. Rxc3 bxc3 45. b4 Be5 46. b5 Qh6+ 47. Kg2 Qh2+ 48. Kf1 Qf4+ 49. Kg2 f5 50. gxf5 exf5 51. Bc2 Qh2+ 52. Kf1 Qh1+ 53. Kf2 Bd4+ 54. Kg3 Qg1+ 55. Kh3 Qe3+ 56. Qxe3 Bxe3 57. Kg3 Kf6 0-1

[Event "Nizhnij Novgorod Region-ch"]
[Site "Nizhnij Novgorod"]
[Date "2007.10.??"]
[Round "?"]
[White "Kutlaev, Maxim"]
[Black "Khoshev, Sergey"]
[Result "0-1"]
[WhiteElo "2206"]
[BlackElo "2121"]
[PlyCount "82"]
[EventDate "2007.10.??"]
[EventType "swiss"]
[EventRounds "9"]
[EventCountry "RUS"]
[SourceTitle "EXT 2009"]
[Source "ChessBase"]
[SourceDate "2008.11.26"]
[SourceVersion "1"]
[SourceVersionDate "2008.11.26"]
[SourceQuality "1"]

1. e4 c5 2. Nf3 e6 3. d3 d5 4. Nbd2 g6 5. g3 Bg7 6. Bg2 Ne7 7. 0-0 Nbc6 8. Re1 0-0 9. e5 Qc7 10. Qe2 b5 11. h4 Ba6 12. c3 b4 13. c4 Rad8 14. b3 Nf5 15. Bb2 dxc4 16. dxc4 Nfd4 17. Qe4 Bb7 18. Nxd4 cxd4 19. f4 Rd7 20. Qd3 Na5 21. Bxb7 Nxb7 22. Bxd4 Rfd8 23. Nf3 Bf8 24. Rad1 Rxd4 25. Nxd4 Rxd4 26. Qe2 Bc5 27. Kh2 Nd8 28. Rxd4 Bxd4 29. Rd1 Nc6 30. Qe4 Bc5 31. h5 Kg7 32. Kh3 Ne7 33. Qa8 Nc6 34. Qe8 Nxe5 35. Rd8 Qb7 36. Qh8+ Kh6 37. Rd5 exd5 38. Qxe5 dxc4 39. Qg5+ Kg7 40. h6+ Kg8 41. Kh2 Bf8 0-1